Tendencii mirovogo ekonomičeskogo-razvitija v 1990 g.

Rozvoj svetového hospodárstva v r. 1990 je charakterizovaný ukončením dlhého hospodárskeho vzostupu v Severnej Amerike a vo Veľkej Británii, spomalením temp rastu v krajinách Západnej Európy a hlbokou krízou vo Východnej Európe. I po treťom "ropnom šoku" v súvislosti s Kuvajtom, sa neočakáva dlhý a...

Descrizione completa

Salvato in:
Dettagli Bibliografici
Autore principale: Grigor'jev, L.
Altri autori: Kononenko, Je
Natura: Capitolo di libro
Lingua:russo
Soggetti:
Tags: Aggiungi Tag
Nessun Tag, puoi essere il primo ad aggiungerne!!

MARC

LEADER 00000naa a2200000 4500
001 r004694
005 20221208123003.5
041 0 |a rus 
044 |a [SU] 
245 1 0 |a Tendencii mirovogo ekonomičeskogo-razvitija v 1990 g.  |c L. Grigor'jev, Je. Kononenko 
520 |a Rozvoj svetového hospodárstva v r. 1990 je charakterizovaný ukončením dlhého hospodárskeho vzostupu v Severnej Amerike a vo Veľkej Británii, spomalením temp rastu v krajinách Západnej Európy a hlbokou krízou vo Východnej Európe. I po treťom "ropnom šoku" v súvislosti s Kuvajtom, sa neočakáva dlhý a hlboký pokles výroby v krajinách Západu. Údaje o vývine v USA, Japonsku a SRN. 
610 2 0 |a hospodárstvo svetové 
610 2 0 |a 1990 
610 2 0 |a tempo rastu hospodárskeho 
610 2 0 |a západná Európa 
610 2 0 |a východná Európa 
610 2 0 |a rozvoj hospodársky 
610 2 0 |a Nemecko 
610 2 0 |a USA 
610 2 0 |a Japonsko 
100 1 |a Grigor'jev, L. 
700 1 |a Kononenko, Je.